01116nam a2200241Ia 450000100060000000300090000600800410001504000130005604000130006904100130008210000260009510000290012124500580015024500570020825000110026526000100027626000090028626000490029530000570034450004170040165000250081865000310084388952IT-RoPAU130308s9999 xx 000 0 und d aIT-RoPAU cIT-RoPAU aFRANCESE aGrunig Blanche-Noelle gCodice Aut. SPICS: 5754 aMots de la publicitè (Les)-L'architecture du slogan bMots de la Publicite' (Les)-L'Architecture Du Slogan a2a ed. aPARIS bCNRS c1998 [1° Ed.:1990 - Ed.Ling.Originale:1990] a"256 p. (prefazione: no ; testo: 256 [pagine: 0-0])" aParole della Pubblicità Architettura Dllo slogan Uso delle Parole far Emergere Significati Multipli Choc dei Contrari Antonimie slogans Illogici Intrusione in una formula Fissa Perturbazioni Sintattico Semantiche Leggere e Capire gli slogans Struttura del Suono Dello slogan strutture maggiori prezzo del successo Risposta Alle Attese e Desideri Sfruttamento Dello Spazio prospettive future bilancio e Progetti aSAGGI DI PUBBLICITA' eCodice materia Spics: 6211